000 01637nam a22004330a 4500
001 PT32847
003 AR-LpoUNG
005 20210202000958.0
008 191001s2007||||ag |||||||||||||||||spa d
040 _aAR-LpoUNG
_bspa
_cAR-LpoUNG
_eaacr
041 _aspa
044 _aag
082 0 _a982 42v2
100 1 _aKessler, Gabriel
_ecomp.
245 1 0 _aProblemas socioeconómicos contemporáneos :
_btextos escogidos
260 _aBuenos Aires :
_bs.n.,
_c2007.
300 _a348 p. :
_bmapas
505 0 _aMaterial adaptado por la Biblioteca Digital y Sonora de la UByD, preparado con fines de estudio o recreación, para uso exclusivo y personal de usuarios no videntes, o con otras discapacidades perceptivas.
520 _aReúne los principales textos de la materia Problemas Socioeconómicos Contemporáneos I, perteneciente al Primer Ciclo Universitario. El objetivo de la materia es analizar los principales procesos sociales, económicos y políticos que contribuyeron a configurar la sociedad argentina desde 1880 a la actualidad.
650 4 _aANALISIS HISTORICO
650 4 _aARGENTINA
650 4 _aDEMOCRACIA
650 4 _aDICTADURA
650 4 _aFUERZAS ARMADAS
650 4 _aGLOBALIZACION
650 4 _aHISTORIA ECONOMICA
650 4 _aHISTORIA SOCIAL
650 4 _aPARTICIPACION SOCIAL
650 4 _aRECESION ECONOMICA
651 4 _aArgentina
653 _aDISCAPACIDAD VISUAL
653 _aNEOLIBERALISMO
653 _aPERONISMO
653 _aPSEC
700 1 _aLuzzi, Mariana
_ecomp.
710 2 _aUniversidad Nacional de General Sarmiento
905 _a32847
942 _cFOTOC
999 _c55308
_d55308